LEADER 02706nam 22004453 450 001 9910163341603321 005 20250929084505.0 010 $a1-63339-302-X 035 $a(CKB)3710000001046470 035 $a(VLeBooks)9781633393028 035 $a(Exl-AI)993710000001046470 035 $a(MiAaPQ)EBC32288380 035 $a(Au-PeEL)EBL32288380 035 $a(OCoLC)970610913 035 $a(EXLCZ)993710000001046470 100 $a20250929d2014 uy 0 101 0 $aspa 135 $aurcnu|||||||| 181 $ctxt$2rdacontent 182 $cc$2rdamedia 183 $acr$2rdacarrier 200 10$aMetas Smart en Palabras Simples 205 $a1st ed. 210 1$aBielefeld :$cS.J. SCOTT,$d2014. 210 4$dİ2014. 215 $a1 online resource (106 p.) 330 $aDescripcion del libroDESCUBRA: Aprenda a establecer metas personales y profesionales que efectivamente pueda alcanzar.?A menudo se propone metas que pareciera no poder lograr jamas? Todos tenemos suenos y aspiraciones. La mayoria de nosotros anhela establecer relaciones satisfactorias. Algunos desean alcanzar su libertad personal. Otros aspiran a lograr fama y exito. Y otros luchan por hacer buenos negocios. Cualquiera sea la naturaleza de sus ambiciones, establecer metas puede ayudarlo a alcanzarlas.Sin embargo, si se plantea metas equivocadas es posible que se sienta frustrado y desmotivado. Cuando apuntamos a objetivos demasiado elevados, es muy facil darnos por vencidos al notar que nuestro sueno no se hace nunca realidad. Todos debemos enfrentar distintos desafios en la vida que nos gustaria superar; el secreto para conseguirlo esta en elaborar un plan y cumplirlo con fidelidad. Establecer metas SMART puede ayudarlo en dicha tarea. ACTAsE: Establezca metas SMART y consiga resultados reales.Su formulacion es muy simple. Basta con que ponga por escrito un resultado que busca alcanzar y el plazo en el que pretende alcanzarlo. La parte dificil de la labor es actuar. Como podra haberse dado cuenta, Internet esta plagada de libros que hablan sobre como establecer metas. Pero existe un problema: la mayoria de ellos no alude a las actividades diarias o habitos que son necesarios para alcanzarlas.En METAS 606 $aGoal setting in personnel management$7Generated by AI 606 $aSelf-help techniques$7Generated by AI 615 0$aGoal setting in personnel management 615 0$aSelf-help techniques 700 $aScott$b S. J$01849460 701 $aCifuentes Dowling$b Sandra$01849461 801 0$bMiAaPQ 801 1$bMiAaPQ 801 2$bMiAaPQ 906 $aBOOK 912 $a9910163341603321 996 $aMetas Smart en Palabras Simples$94438905 997 $aUNINA